| 000 | 00609nam a2200181Ia 4500 | ||
|---|---|---|---|
| 008 | 090124s9999 xx 000 0 und d | ||
| 082 | _b110055 | ||
| 100 | _aप्रेम रमेशचन्द्र | ||
| 245 | _a गर्मी और हमारा जीवन | ||
| 250 | _a1 | ||
| 260 | _c1962 | ||
| 300 | _a102 | ||
| 600 | _aप्रेम रमेशचन्द्र | ||
| 630 | _a गर्मी और हमारा जीवन | ||
| 700 | _aप्रेम रमेशचन्द्र | ||
| 730 | _a गर्मी और हमारा जीवन | ||
| 942 | _cBOOK | ||
| 999 |
_c156146 _d156146 |
||